00313nam a2200121Ia 4500008005000000041000800050082001100058100001400069245003300083260004900116300001900165440000700184240112s1975 JULY-DEC xx 000 0 und d aeng a616.05 aHUTH E.J. aANNUALS OF INTERNAL MEDICINE bAMERECAN COLLEGE OF PHYSICIANc1975 JULY-DEC a948,HBc(7-12) v83